000 00733nam a2200253 a 4500
001 68483
003 BD-RjUL
005 20211209081758.0
008 750204s1975 enka b 001 0 eng
020 _a0721656374
035 _a(BD-RjUL)68693
040 _aDLC
_cDLC
_dDLC
_dBD-RjUL
_beng
041 _aeng
082 0 0 _223
_a616.0756
_bLAC 1975
100 1 _aLatner, Albert L
_9202999
245 1 0 _aCantarow and Trumper, Clinical biochemistry /
_c Albert L Latner
250 _a7th ed.
260 _aLondon :
_bW. B. Saunders,
_c1975.
300 _a918 p. :
_bill. ;
_c26 cm.
504 _aIncludes bibliographies and index.
650 0 _aClinical biochemistry.
_9203000
650 0 _aBiochemistry.
_9203001
942 _2ddc
_cBK
999 _c68483
_d68483